000170904 001__ 170904 000170904 005__ 20260429150232.0 000170904 037__ $$aTAZ-TFG-2025-223 000170904 041__ $$aspa 000170904 1001_ $$aRubio Jiménez, Elena 000170904 24200 $$aThe acquisition of nationality by refugees 000170904 24500 $$aLa adquisición de la nacionalidad por los refugiados 000170904 260__ $$aZaragoza$$bUniversidad de Zaragoza$$c2025 000170904 506__ $$aby-nc-sa$$bCreative Commons$$c3.0$$uhttp://creativecommons.org/licenses/by-nc-sa/3.0/ 000170904 520__ $$aEl presente trabajo versa sobre el proceso de la adquisición española por los refugiados. A lo largo de este se analizarán las normativas aplicables tanto españolas como europeas en esta materia, los requisitos que se exigen y las diferentes problemáticas que deben afrontar en la obtención de la nacionalidad española.<br /> 000170904 521__ $$aGraduado en Derecho 000170904 540__ $$aDerechos regulados por licencia Creative Commons 000170904 691__ $$a0 000170904 692__ $$a 000170904 700__ $$ade Salas Murillo, Sofía del Pilar$$edir. 000170904 7102_ $$aUniversidad de Zaragoza$$b $$c 000170904 8560_ $$f799283@unizar.es 000170904 8564_ $$s545649$$uhttps://zaguan.unizar.es/record/170904/files/TAZ-TFG-2025-223.pdf$$yMemoria (spa) 000170904 909CO $$ooai:zaguan.unizar.es:170904$$pdriver$$ptrabajos-fin-grado 000170904 950__ $$a 000170904 951__ $$adeposita:2026-04-29 000170904 980__ $$aTAZ$$bTFG$$cDER 000170904 999__ $$a20250207094150.CREATION_DATE